LEADER 01373nam 2200373Ia 450 001 996389939403316 005 20221108022122.0 035 $a(CKB)1000000000648027 035 $a(EEBO)2240858224 035 $a(OCoLC)17469862 035 $a(EXLCZ)991000000000648027 100 $a19880212d1647 uy | 101 0 $aeng 135 $aurbn||||a|bb| 200 10$aSwallow, 1647$b[electronic resource] $ean almanacke for the yeere of our Lord God, 1647 : being the third after bissextile or leap-yeare, and from the worlds creation, 5657 : calculated properly for the famous university and town of Cambridge .. 210 $aLondon $cPrinted by Iohn Dawson for the Company of Stationers$d[1647] 215 $a[40] p. $cill 300 $aIn 2 pts. Pt.2, Swallow, the latter part of this almanack for the yeare of our Lord God, 1647. 300 $aImperfect: pages cropped with slight loss of print. 300 $aReproduction of original in the Bodleian Library. 330 $aeebo-0014 606 $aAlmanacs, English 606 $aEphemerides 606 $aAstrology$vEarly works to 1800 615 0$aAlmanacs, English. 615 0$aEphemerides. 615 0$aAstrology 700 $aSwallow$b John$0498157 801 1$bEAJ 801 2$bWaOLN 906 $aBOOK 912 $a996389939403316 996 $aSwallow, 1647$92342122 997 $aUNISA LEADER 01828nam a2200409 i 4500 001 991001068809707536 005 20020507182630.0 008 981008s1997 de a b 100 0 eng 020 $a3540631909 035 $ab10796575-39ule_inst 035 $aLE01306549$9ExL 040 $aDip.to Matematica$beng 082 0 $a519.2 084 $aAMS 60-06 084 $aAMS 60G05 084 $aAMS 60J10 084 $aAMS 60K35 100 1 $aGiné, Evarist$0101928 245 10$aLectures on probability theory and statistics :$becole d'été de probabilités de Saint-Flour XXVI-1996 /$cE. Giné, G. R. Grimmett, L. Saloff-Coste ; editor P. Bernard 246 30$aEcole d'eté de probabilités de Saint-Flour XXVI-1996 260 $aBerlin :$bSpringer,$cc1997 300 $ax, 424 p. :$bill. ;$c24 cm 490 0 $aLecture notes in mathematics,$x0075-8434 ;$v1665 504 $aIncludes bibliographical references (p. [408]-413) 505 1 $aContents: Decoupling and limit theorems for U-statistics and U-processes ; Lectures on some aspects theory of the bootstrap / Evarist Gine. Percolation and disordered systems / Geoffrey Grimmett. Lectures on finite Markov chains / Laurent Saloff-Coste 650 0$aMathematical statistics$xCongresses 650 0$aProbability$xCongresses 700 1 $aGrimmett, Geoffrey R. 700 1 $aSaloff-Coste, Laurent 700 1 $aBernard, Pierre 711 2 $aEcole d'été de probabilités de Saint-Flour$n<26. ;$d1996> 907 $a.b10796575$b23-02-17$c28-06-02 912 $a991001068809707536 945 $aLE013 60-XX SFL11 V.XXVI (1997)$g1$i2013000102207$lle013$o-$pE0.00$q-$rl$s- $t0$u0$v0$w0$x0$y.i10898086$z28-06-02 996 $aLectures on probability theory and statistics$9261826 997 $aUNISALENTO 998 $ale013$b01-01-98$cm$da $e-$feng$gde $h0$i1